When the hurt won't go away / (Record no. 3754)
[ view plain ]
| 000 -LEADER | |
|---|---|
| fixed length control field | 00733cam a2200253 a 4500 |
| 001 - CONTROL NUMBER | |
| control field | 2388939 |
| 003 - CONTROL NUMBER IDENTIFIER | |
| control field | GBCCL |
| 005 - DATE AND TIME OF LATEST TRANSACTION | |
| control field | 20241126110502.0 |
| 008 - FIXED-LENGTH DATA ELEMENTS--GENERAL INFORMATION | |
| fixed length control field | 850829s1986 ilu 000 0 eng |
| 010 ## - | |
| -- | 85062721 |
| 020 ## - INTERNATIONAL STANDARD BOOK NUMBER | |
| International Standard Book Number | 0896933652 (pbk.) |
| 040 ## - CATALOGING SOURCE | |
| Original cataloging agency | DLC |
| Transcribing agency | DLC |
| Modifying agency | DLC |
| 050 00 - | |
| -- | BV4905.2 |
| -- | .P69 1986 |
| 082 00 - DEWEY DECIMAL CLASSIFICATION NUMBER | |
| Classification number | 248.4861 |
| Edition information | 19 |
| Item number | POW |
| 100 1# - MAIN ENTRY--PERSONAL NAME | |
| Personal name | Powell, Paul W. |
| 9 (RLIN) | 212 |
| 245 10 - TITLE STATEMENT | |
| Title | When the hurt won't go away / |
| Statement of responsibility, etc. | Paul W. Powell. |
| 260 ## - PUBLICATION, DISTRIBUTION, ETC. | |
| Place of publication, distribution, etc. | Wheaton, Ill. : |
| Name of publisher, distributor, etc. | Victor Books, |
| Date of publication, distribution, etc. | c1986. |
| 300 ## - PHYSICAL DESCRIPTION | |
| Extent | 144 p. ; |
| Dimensions | 21 cm. |
| 600 00 - SUBJECT ADDED ENTRY--PERSONAL NAME | |
| Personal name | Job |
| Titles and other words associated with a name | (Biblical figure) |
| 9 (RLIN) | 6775 |
| 650 #0 - SUBJECT ADDED ENTRY--TOPICAL TERM | |
| Topical term or geographic name entry element | Consolation. |
| 9 (RLIN) | 348 |
| 740 0# - | |
| -- | When the hurt would not go away. |
| 906 ## - LOCAL DATA ELEMENT F, LDF (RLIN) | |
| a | 7 |
| b | cbc |
| c | orignew |
| d | 3 |
| e | opcn |
| f | 19 |
| g | y-gencatlg |
| 942 ## - ADDED ENTRY ELEMENTS (KOHA) | |
| Source of classification or shelving scheme | Dewey Decimal Classification |
| Koha item type | Books |
| Withdrawn status | Lost status | Source of classification or shelving scheme | Damaged status | Not for loan | Home library | Current Library | Shelving location | Date acquired | Total checkouts | Full call number | Barcode | Date last seen | Copy number | Price effective from | Koha item type |
|---|---|---|---|---|---|---|---|---|---|---|---|---|---|---|---|
| Dewey Decimal Classification | GRACE BIBLE COLLEGE | GRACE BIBLE COLLEGE | Ministry & Mission | 2017-12-08 | 248.4861 POW | 001650 | 2025-05-01 | c.1 | 2017-12-08 | Books |